[Event "Wellington CC-chB"]
[Site "Wellington"]
[Date "2016.09.15"]
[Round "2"]
[White "Stone, Andrew"]
[Black "Kulkarni, Yogesh"]
[Result "1-0"]
[WhiteElo "2047"]
[BlackElo "2036"]
[PlyCount "45"]
[EventDate "2016.09.08"]
[EventType "tourn"]
[EventRounds "11"]
[EventCountry "NZL"]
[SourceTitle "EXT 2018"]
[Source "ChessBase"]
[SourceDate "2017.10.13"]
[SourceVersion "1"]
[SourceVersionDate "2017.10.13"]
[SourceQuality "1"]

1. e4 c6 2. d4 d5 3. e5 Bf5 4. Nc3 e6 5. g4 Bg6 6. Nge2 h6 7. h4 Nd7 8. Be3 Qb6 9. h5 Bh7 10. Qd2 0-0-0 11. 0-0-0 Qc7 12. f4 f6 13. Kb1 Kb8 14. f5 exf5 15. Bf4 fxe5 16. dxe5 Nc5 17. Nd4 Qc8 18. e6+ Ka8 19. gxf5 Ne4 20. Nxe4 dxe4 21. Qe1 Rxd4 22. Rxd4 Bxf5 23. Qa5 1-0

[Event "Wellington Mazur Memorial"]
[Site "Wellington"]
[Date "2016.08.18"]
[Round "6"]
[White "Ker, Anthony F"]
[Black "Stone, Andrew"]
[Result "1-0"]
[WhiteElo "2415"]
[BlackElo "2063"]
[PlyCount "103"]
[EventDate "2016.07.21"]
[EventType "swiss"]
[EventRounds "8"]
[EventCountry "NZL"]
[SourceTitle "EXT 2018"]
[Source "ChessBase"]
[SourceDate "2017.10.13"]
[SourceVersion "1"]
[SourceVersionDate "2017.10.13"]
[SourceQuality "1"]

1. e4 e5 2. Nf3 Nc6 3. d4 exd4 4. Nxd4 Bc5 5. Nxc6 Qf6 6. Qd2 dxc6 7. Nc3 Bd4 8. Bd3 Ne7 9. 0-0 Ng6 10. Ne2 Bb6 11. Qc3 Qxc3 12. Nxc3 Ne5 13. Be2 Be6 14. Na4 Bc4 15. Bxc4 Nxc4 16. b3 Nd6 17. Bb2 0-0 18. Rfe1 Ba5 19. Re2 Rfe8 20. e5 b5 21. Nc5 Bb6 22. Nd7 c5 23. Rd2 Ne4 24. Nxb6 axb6 25. Rd7 Ng5 26. f4 Ne6 27. g3 Kf8 28. a3 Red8 29. Rad1 Nd4 30. Rxd8+ Rxd8 31. Kf2 Ke7 32. Rd2 h5 33. h3 g5 34. fxg5 Ke6 35. g4 hxg4 36. h4 g3+ 37. Kg2 Kxe5 38. c3 Ne6 39. Rxd8 Nxd8 40. h5 Kf5 41. h6 Kg6 42. Kxg3 Ne6 43. Bc1 f6 44. gxf6 Kxf6 45. Kf3 Nf8 46. Ke4 Ke6 47. Bf4 Kd7 48. Kf5 c4 49. bxc4 bxc4 50. Kf6 Ke8 51. Bxc7 b5 52. Bd6 1-0

[Event "Wellington CC-chA"]
[Site "Wellington"]
[Date "2014.10.09"]
[Round "3"]
[White "Stone, Andrew"]
[Black "Ker, Anthony F"]
[Result "0-1"]
[WhiteElo "1933"]
[BlackElo "2303"]
[PlyCount "68"]
[EventDate "2014.09.25"]
[EventType "tourn"]
[EventRounds "9"]
[EventCountry "NZL"]
[SourceTitle "EXT 2018"]
[Source "ChessBase"]
[SourceDate "2017.10.13"]
[SourceVersion "1"]
[SourceVersionDate "2017.10.13"]
[SourceQuality "1"]

1. e4 d6 2. d4 Nf6 3. Nc3 g6 4. Bg5 Bg7 5. Qd2 h6 6. Bh4 Nbd7 7. 0-0-0 g5 8. Bg3 Nh5 9. Bc4 c5 10. Nge2 cxd4 11. Nxd4 Ne5 12. Bxe5 Bxe5 13. g3 Bg4 14. f3 Bd7 15. Be2 a6 16. Kb1 Bg7 17. f4 g4 18. Nf5 Bxf5 19. exf5 Nf6 20. h3 Qb6 21. Qd4 Qxd4 22. Rxd4 gxh3 23. Rb4 0-0-0 24. Bf3 d5 25. Rxh3 e6 26. fxe6 fxe6 27. Rh1 Bf8 28. Rb6 Bd6 29. Re1 Rhe8 30. f5 Kc7 31. Rb3 exf5 32. Rd1 Bxg3 33. a4 Re1 34. Bxd5 Nxd5 0-1

[Event "Wellington CC Autumn Cup-A"]
[Site "Wellington"]
[Date "2014.05.08"]
[Round "2"]
[White "Dive, Russell John"]
[Black "Stone, Andrew"]
[Result "1-0"]
[WhiteElo "2451"]
[BlackElo "2075"]
[PlyCount "66"]
[EventDate "2014.05.01"]
[EventType "tourn"]
[EventRounds "5"]
[EventCountry "NZL"]
[SourceTitle "EXT 2018"]
[Source "ChessBase"]
[SourceDate "2017.10.13"]
[SourceVersion "1"]
[SourceVersionDate "2017.10.13"]
[SourceQuality "1"]

1. c4 e5 2. g3 d6 3. Bg2 f5 4. Nc3 Nf6 5. d3 Be7 6. Rb1 0-0 7. b4 Kh8 8. Nf3 c6 9. Qb3 Qe8 10. e3 Na6 11. Ba3 Nc7 12. d4 e4 13. Nd2 d5 14. b5 dxc4 15. Nxc4 cxb5 16. Nxb5 Nxb5 17. Qxb5 Be6 18. Qxe8 Rfxe8 19. Rxb7 Bxc4 20. Rxe7 Rxe7 21. Bxe7 Nd5 22. Ba3 Bxa2 23. Kd2 a5 24. Rc1 a4 25. Bf1 g6 26. Rc5 Rb8 27. Bb5 Bb3 28. h4 Kg7 29. Bc6 Nf6 30. Ra5 Rc8 31. Ra6 Ng4 32. d5 Ne5 33. Bb2 Re8 1-0

[Event "Wellington Mazur Memorial"]
[Site "Wellington"]
[Date "2013.12.12"]
[Round "8"]
[White "Stone, Andrew"]
[Black "Jackson, L Ross"]
[Result "1-0"]
[WhiteElo "2076"]
[BlackElo "1990"]
[PlyCount "83"]
[EventDate "2013.10.26"]
[EventType "swiss"]
[EventRounds "8"]
[EventCountry "NZL"]
[SourceTitle "EXT 2018"]
[Source "ChessBase"]
[SourceDate "2017.10.13"]
[SourceVersion "1"]
[SourceVersionDate "2017.10.13"]
[SourceQuality "1"]

1. e4 c5 2. d4 cxd4 3. c3 dxc3 4. Nxc3 Nc6 5. Bc4 e6 6. Nf3 a6 7. 0-0 b5 8. Bb3 Na5 9. Be3 Bb7 10. Rc1 Nxb3 11. Qxb3 Nf6 12. Rfd1 Rc8 13. Bg5 h6 14. Bf4 Nxe4 15. Nxe4 Bxe4 16. Ne5 Rxc1 17. Rxc1 Bd5 18. Qg3 g5 19. Bd2 Bd6 20. Qc3 0-0 21. Ng4 f5 22. Nxh6+ Kh7 23. Qh3 Kg6 24. g4 f4 25. Qh5+ Kg7 26. h4 Be7 27. Bc3+ Bf6 28. Qxg5+ Kh7 29. Qh5 Kg7 30. g5 Bxc3 31. Rxc3 Qe8 32. Qxe8 Rxe8 33. h5 Bxa2 34. Rc7 Rd8 35. Ng4 Kf8 36. Ne5 Ke7 37. Nc6+ Kd6 38. Nxd8 Kxc7 39. Nf7 d6 40. g6 Bb1 41. Ng5 Kd7 42. g7 1-0

[Event "Wellington Mazur Memorial"]
[Site "Wellington"]
[Date "2013.11.28"]
[Round "6"]
[White "List, Robert"]
[Black "Stone, Andrew"]
[Result "0-1"]
[WhiteElo "1702"]
[BlackElo "2076"]
[PlyCount "72"]
[EventDate "2013.10.26"]
[EventType "swiss"]
[EventRounds "8"]
[EventCountry "NZL"]
[SourceTitle "EXT 2018"]
[Source "ChessBase"]
[SourceDate "2017.10.13"]
[SourceVersion "1"]
[SourceVersionDate "2017.10.13"]
[SourceQuality "1"]

1. e4 e5 2. Nf3 Nc6 3. d4 exd4 4. Nxd4 Bc5 5. Nf5 Qf6 6. Qd5 d6 7. Bb5 Nge7 8. Bxc6+ bxc6 9. Qd3 Nxf5 10. exf5 Bxf5 11. Qf3 0-0 12. 0-0 Qg6 13. Nc3 d5 14. Bf4 Bd6 15. Bg3 Rab8 16. b3 Bxc2 17. Bxd6 cxd6 18. Rac1 d4 19. Nb1 Be4 20. Qg3 Bxb1 21. Rxb1 Qxg3 22. fxg3 Rfe8 23. Rf2 Re4 24. a3 a5 25. Rf4 Rxf4 26. gxf4 c5 27. Kf2 f5 28. Ke2 Kf7 29. Kd2 c4 30. b4 axb4 31. axb4 Ke6 32. b5 Kd5 33. b6 Kc6 34. Rb4 d5 35. h3 Rxb6 36. Ra4 Rb2+ 0-1

[Event "Wellington CC-chA"]
[Site "Wellington"]
[Date "2013.09.26"]
[Round "7"]
[White "Sellen, Ian"]
[Black "Stone, Andrew"]
[Result "1/2-1/2"]
[WhiteElo "1983"]
[BlackElo "1920"]
[PlyCount "50"]
[EventDate "2013.08.01"]
[EventType "tourn"]
[EventRounds "9"]
[EventCountry "NZL"]
[SourceTitle "EXT 2018"]
[Source "ChessBase"]
[SourceDate "2017.10.13"]
[SourceVersion "1"]
[SourceVersionDate "2017.10.13"]
[SourceQuality "1"]

1. c4 Nf6 2. g3 g6 3. Bg2 Bg7 4. Nc3 c6 5. e4 e5 6. Nge2 0-0 7. 0-0 d6 8. d3 Be6 9. b3 Nh5 10. Be3 f5 11. f4 fxe4 12. fxe5 exd3 13. Nd4 Rxf1+ 14. Bxf1 Qd7 15. Nxe6 Qxe6 16. Qxd3 Qxe5 17. Rc1 Nd7 18. Bg2 Nc5 19. Qd2 Re8 20. Bf2 Rf8 21. b4 Ne6 22. Ne4 Nf6 23. Qxd6 Nxe4 24. Qxe5 Bxe5 25. Bxe4 Bd4 1/2-1/2

[Event "Wellington CC-chA"]
[Site "Wellington"]
[Date "2013.09.06"]
[Round "6"]
[White "Stone, Andrew"]
[Black "Nyberg, Michael"]
[Result "1-0"]
[WhiteElo "1920"]
[BlackElo "1938"]
[PlyCount "50"]
[EventDate "2013.08.01"]
[EventType "tourn"]
[EventRounds "9"]
[EventCountry "NZL"]
[SourceTitle "EXT 2018"]
[Source "ChessBase"]
[SourceDate "2017.10.13"]
[SourceVersion "1"]
[SourceVersionDate "2017.10.13"]
[SourceQuality "1"]

1. e4 c5 2. d4 cxd4 3. c3 dxc3 4. Nxc3 Nc6 5. Bc4 e6 6. Nf3 a6 7. 0-0 Bc5 8. e5 b5 9. Bb3 d5 10. exd6 Qxd6 11. Qe2 Nf6 12. Rd1 Qc7 13. Bg5 Be7 14. Rac1 Bb7 15. Bxf6 gxf6 16. Ne4 Rg8 17. Bxe6 fxe6 18. Nxf6+ Kf7 19. Nxg8 Rxg8 20. Qc2 Rg7 21. g3 Qa5 22. Rd7 Nb4 23. Ne5+ Kg8 24. Qd2 Bd5 25. Rc8+ Bf8 1-0

[Event "Wellington CC-chA"]
[Site "Wellington"]
[Date "2013.08.29"]
[Round "5"]
[White "Forster, William"]
[Black "Stone, Andrew"]
[Result "1-0"]
[WhiteElo "1960"]
[BlackElo "1920"]
[PlyCount "81"]
[EventDate "2013.08.01"]
[EventType "tourn"]
[EventRounds "9"]
[EventCountry "NZL"]
[SourceTitle "EXT 2018"]
[Source "ChessBase"]
[SourceDate "2017.10.13"]
[SourceVersion "1"]
[SourceVersionDate "2017.10.13"]
[SourceQuality "1"]

1. Nf3 Nf6 2. g3 g6 3. Bg2 Bg7 4. 0-0 0-0 5. c4 c6 6. b3 Ne4 7. d4 d5 8. Bb2 Nd7 9. Ne1 e5 10. cxd5 cxd5 11. Nc3 Nxc3 12. Bxc3 e4 13. f4 f5 14. e3 Nf6 15. Rf2 b6 16. Rc2 Ba6 17. Bb4 Re8 18. Rac1 Qd7 19. Rc7 Qb5 20. Bd6 Ng4 21. R1c3 Qe2 22. Qxe2 Bxe2 23. Be5 Nxe5 24. dxe5 Bf8 25. Nc2 Bd3 26. Nd4 Bc5 27. Bf1 Bxf1 28. Kxf1 Rec8 29. Rxc8+ Rxc8 30. b4 a5 31. bxc5 bxc5 32. Ne6 Rb8 33. Nxc5 Rb1+ 34. Kg2 Rb2+ 35. Kh3 Rxa2 36. Nd7 a4 37. e6 h6 38. Rc8+ Kg7 39. e7 g5 40. fxg5 hxg5 41. e8Q 1-0

[Event "Latschach op 29th"]
[Site "Latschach"]
[Date "2013.08.15"]
[Round "7"]
[White "Stone, Andrew"]
[Black "Zozulia, Anna"]
[Result "1/2-1/2"]
[WhiteElo "2190"]
[BlackElo "2316"]
[PlyCount "31"]
[EventDate "2013.08.10"]
[EventType "swiss"]
[EventRounds "9"]
[EventCountry "AUT"]
[SourceTitle "CBM 155 Extra"]
[Source "ChessBase"]
[SourceDate "2013.08.26"]
[SourceVersion "1"]
[SourceVersionDate "2013.08.26"]
[SourceQuality "1"]

1. c4 g6 2. g3 Bg7 3. Bg2 c5 4. Nc3 Nc6 5. Nf3 a6 6. 0-0 Rb8 7. e3 d6 8. h3 Nf6 9. d4 0-0 10. Qe2 b5 11. dxc5 dxc5 12. Rd1 Qb6 13. e4 Nd4 14. Nxd4 cxd4 15. Nd5 Nxd5 16. cxd5 1/2-1/2

[Event "Teplice op 8th"]
[Site "Teplice"]
[Date "2013.06.24"]
[Round "9"]
[White "Stone, Andrew"]
[Black "Toman, Ondrej"]
[Result "1/2-1/2"]
[WhiteElo "2202"]
[BlackElo "2052"]
[PlyCount "67"]
[EventDate "2013.06.15"]
[EventType "swiss"]
[EventRounds "9"]
[EventCountry "CZE"]
[SourceTitle "CBM 155 Extra"]
[Source "ChessBase"]
[SourceDate "2013.08.26"]
[SourceVersion "1"]
[SourceVersionDate "2013.08.26"]
[SourceQuality "1"]

1. c4 e6 2. g3 d5 3. Bg2 dxc4 4. Qa4+ Nd7 5. Qxc4 c5 6. Nf3 Ngf6 7. 0-0 b6 8. b3 Rb8 9. d3 Bd6 10. Bb2 b5 11. Qc2 0-0 12. Nbd2 a6 13. e4 e5 14. Nh4 g6 15. Bh3 Nb6 16. Bxc8 Rxc8 17. Ng2 Qe7 18. f4 c4 19. bxc4 bxc4 20. dxc4 Ng4 21. h3 Bc5+ 22. Kh1 Nf2+ 23. Kh2 Qd7 24. f5 Qd3 25. Rac1 Rfd8 26. Bc3 Qe2 27. Nb3 Qxc2 28. Rxc2 Nxe4 29. Bxe5 f6 30. Re2 Nxc4 31. Rxe4 Nxe5 32. fxg6 hxg6 33. Rxf6 Rd1 34. Re1 1/2-1/2